000 00437nam a2200133Ia 4500
008 200922s9999 xx 000 0 und d
020 _a978-621-406-160-0
100 _aLeaño, Roman D.
245 _cRoman D. Leaño, Jenny Marsha B. Agtani
_aArt appreciation for college students/
260 _aManila:
_bMindshapers Co., Inc.
_c2018
300 _axvi, 314 pages
_c25 cm.
650 _aArt -- study and teaching
650 _aArt criticism
999 _c364406
_d364406